Harry Potter: la Cabine d'Entrée du Ministère - Statistiques

Statistiques générales
  • Ce quiz a été pris 50 fois
  • Le résultat moyen est 4 sur 5
Statistiques - réponses
Information Réponses % Correct
Première apparition Harry Potter et l'Ordre du Phenix
95%
Dernière apparition Harry Potter et l'Ordre du Phenix
95%
Utilisateur connu Harry Potter
93%
Utilisateur connu Arthur Weasley
84%
Code d'accès 62442
36%
Aucun quiz correspondant
Distribution des résultats
% des personnes avec chaque résultat
Percentile par nombre de réponses
Votre historique - résultats
Vous n’avez pas pris ce quiz